Los seis errores que cometen los ejecutivos en la gestión del riesgo (Registro nro. 10935)

Detalles MARC
000 -LEADER
fixed length control field 00401 a2200121 4500
001 - CONTROL NUMBER
control field ART_14884
005 - DATE AND TIME OF LATEST TRANSACTION
control field 20260410161614.0
008 - FIXED-LENGTH DATA ELEMENTS--GENERAL INFORMATION
fixed length control field 260409a
100 1# - MAIN ENTRY--PERSONAL NAME
Personal name Taleb, Nassim N.
245 10 - TITLE STATEMENT
Title Los seis errores que cometen los ejecutivos en la gestión del riesgo
700 1# - ADDED ENTRY--PERSONAL NAME
Personal name Goldstein, Daniel G.
773 0# - HOST ITEM ENTRY
Title Harvard Business Review
Related parts Riesgo - Vol. 87. Nº 10 (oct. 2009)
Record control number REV340

No hay ítems disponibles.